000
00280nam a22001337a 4500
008
171026b xxu||||| |||| 00| 0 eng d
020
_a
9789951437400
041
_a
eng
080
_a
62
100
_a
26
101
_a
MEK
245
_a
ELEKTROTEKNIKA
_c
BINA, L
942
_2
udc
_c
BK
999
_c
35978
_d
35978